LEADER 00984nam0-22003131i-450 001 990003289900403321 005 20230322145520.0 035 $a000328990 035 $aFED01000328990 035 $a(Aleph)000328990FED01 035 $a000328990 100 $a20000920d1886----km-y0itay50------ba 101 0 $aita 102 $aIT 105 $ay-------001yy 200 1 $aNotizie intorno alle condizioni dell' agricoltura$evariazioni del fitto dei terreni$fMinistero di agricoltura, industria e commercio, Direzione dell'agricoltura 210 $aRoma$cBotta$d1886 215 $ap. 242 610 0 $aAgricoltura$aItalia 676 $a630.681 710 02$aItalia.$bMinistero di agricoltura, industria e commercio$0332846 801 0$aIT$bUNINA$gRICA$2UNIMARC 901 $aBK 912 $a990003289900403321 952 $a021.049.MIN.10$b3347$fDECGE 959 $aDECGE 996 $aNotizie intorno alle condizioni dell' agricoltura$92585522 997 $aUNINA DB $aING01 LEADER 02258nam 2200613 450 001 9910809391103321 005 20230803194333.0 010 $a1-62190-118-1 035 $a(CKB)2560000000305231 035 $a(EBL)3039974 035 $a(SSID)ssj0001404757 035 $a(PQKBManifestationID)11801227 035 $a(PQKBTitleCode)TC0001404757 035 $a(PQKBWorkID)11381636 035 $a(PQKB)10846370 035 $a(MiAaPQ)EBC3039974 035 $a(OCoLC)894555090 035 $a(MdBmJHUP)muse37837 035 $a(Au-PeEL)EBL3039974 035 $a(CaPaEBR)ebr11001089 035 $a(CaONFJC)MIL880197 035 $a(EXLCZ)992560000000305231 100 $a20150114h20142014 uy 0 101 0 $aeng 135 $aur|n|---||||| 181 $ctxt 182 $cc 183 $acr 200 10$aMore American than southern $eKentucky, slavery, and the war for an American ideology, 1828-1861 /$fGary R. Matthews 205 $aFirst edition. 210 1$aKnoxville, Tennessee :$cThe University of Tennessee Press,$d2014. 210 4$dİ2014 215 $a1 online resource (360 p.) 300 $aDescription based upon print version of record. 311 $a1-62190-057-6 320 $aIncludes bibliographical references and index. 327 $aClass structure -- The paradigm -- Subregional variances -- The Whig era -- The politics of economic development -- Crisis and compromise -- Party realignment -- Cold war -- The labyrinth of sectional politics -- The secession crisis, part I -- The secession crisis, part II -- A hollow concept -- Kentucky unionism -- The end of an era. 606 $aSlavery$zKentucky$xHistory$y19th century 606 $aPolitical culture$zKentucky$xHistory$y19th century 606 $aSecession$zKentucky 607 $aKentucky$xPolitics and government$y1792-1865 607 $aKentucky$xHistory$y1792-1865 615 0$aSlavery$xHistory 615 0$aPolitical culture$xHistory 615 0$aSecession 676 $a976.9/03 700 $aMatthews$b Gary Robert$f1949-$01655634 801 0$bMiAaPQ 801 1$bMiAaPQ 801 2$bMiAaPQ 906 $aBOOK 912 $a9910809391103321 996 $aMore American than southern$94008079 997 $aUNINA LEADER 00803nam0-22002771i-450 001 990007479720403321 005 20250414124359.0 035 $a000747972 100 $a20030814d1998----km-y0itay50------ba 101 0 $aita 102 $aIT 105 $aa-------001yy 200 1 $aCercando l'Eldorado$fdi Enrico Comerio$gfoto di Gilles Rigoulet 210 $aMilano$cRepubblica$d1998 215 $ap. 215-224$cill.$d23 cm 300 $aEstr. da: D : la Repubblica delle donne, 10 marzo 1998 610 0 $aVenezuela 700 1$aComerio,$bEnrico$0417162 701 1$aRigoulet,$bGilles$0270072 801 0$aIT$bUNINA$gRICA$2UNIMARC 901 $aLG 912 $a990007479720403321 952 $aMISC. C 214$bI.G.s.i.$fILFGE 959 $aILFGE 996 $aCercando l'Eldorado$9674990 997 $aUNINA